000
00174 a2200097 4500
020
_a
9780439801836
041
_a
eng
100
_a
Berger melvin
245
_a
Growl
942
_c
BK
999
_c
9550
_d
9550